Building regulations (Record no. 104854)

MARC details
000 -LEADER
fixed length control field 01664cam a2200349 4500
001 - CONTROL NUMBER
control field ##L131819
008 - FIXED-LENGTH DATA ELEMENTS--GENERAL INFORMATION
fixed length control field 051209n2005 000 0 eng u
020 ## - INTERNATIONAL STANDARD BOOK NUMBER
International Standard Book Number 1904388507
035 ## - SYSTEM CONTROL NUMBER
System control number (Sirsi) u131819
041 0# - LANGUAGE CODE
Language code of text/sound track or separate title eng
050 04 - LIBRARY OF CONGRESS CALL NUMBER
Classification number 692.2 $2 18
100 1# - MAIN ENTRY--PERSONAL NAME
Personal name Badley, Neil
245 ## - TITLE STATEMENT
Title Building regulations
Remainder of title a CPD study pack
250 ## - EDITION STATEMENT
Edition statement 2nd ed.
260 ## - PUBLICATION, DISTRIBUTION, ETC.
Place of publication, distribution, etc. Reading
Name of publisher, distributor, etc. College of Estate Management
Date of publication, distribution, etc. 2005
300 ## - PHYSICAL DESCRIPTION
Extent 44p
Other physical details tables
Dimensions 30cm
350 ## - PRICE (NR) (BK AM CF MU VM SE) [OBSOLETE]
Price 37
490 #0 - SERIES STATEMENT
Series statement College of Estate Management CPD Study Pack
520 ## - SUMMARY, ETC.
Summary, etc. Provides an overview of the changes to the Building Regulations. Section 1 looks at Approved Documents L1A, L1B, L2A, and L2B "Conservation of fuel and power". Section 2 examines Approved Document F "Means of ventilation". Section 3 focuses on the Building Regulations and historic buildings. An appendix outlines types of change of use and what Building Regulations automatically apply to the work.
520 ## - SUMMARY, ETC.
Summary, etc. Superseded by 2006 edition (ISBN 9781904388654). Supersedes 2004 edition
520 ## - SUMMARY, ETC.
Summary, etc. No audio tape accompanies this study pack
590 ## - LOCAL NOTE (RLIN)
Local note IKA280306
650 24 - SUBJECT ADDED ENTRY--TOPICAL TERM
Topical term or geographic name entry element BUILDING REGULATIONS 2000 APPROVED DOCUMENT L1B (2005 INTERIM EDITION)
650 24 - SUBJECT ADDED ENTRY--TOPICAL TERM
Topical term or geographic name entry element BUILDING REGULATIONS 2000 APPROVED DOCUMENT L1A (2005 INTERIM EDITION)
650 24 - SUBJECT ADDED ENTRY--TOPICAL TERM
Topical term or geographic name entry element BUILDING REGULATIONS 2000 APPROVED DOCUMENT L2A (2005 INTERIM EDITION)
650 24 - SUBJECT ADDED ENTRY--TOPICAL TERM
Topical term or geographic name entry element BUILDING REGULATIONS 2000 APPROVED DOCUMENT L2B (2005 INTERIM EDITION)
650 24 - SUBJECT ADDED ENTRY--TOPICAL TERM
Topical term or geographic name entry element BUILDING REGULATIONS 2000 APPROVED DOCUMENT F (2005 EDITION)
690 ## - LOCAL SUBJECT ADDED ENTRY--TOPICAL TERM (OCLC, RLIN)
Topical term or geographic name as entry element Building regulations
9 (RLIN) 6224
710 2# - ADDED ENTRY--CORPORATE NAME
Corporate name or jurisdiction name as entry element College of Estate Management
9 (RLIN) 400
942 ## - ADDED ENTRY ELEMENTS (KOHA)
Suppress in OPAC 0
Holdings
Withdrawn status Lost status Source of classification or shelving scheme Damaged status Not for loan Home library Current library Shelving location Date acquired Cost, normal purchase price Total Checkouts Full call number Barcode Date last seen Date last checked out Copy number Cost, replacement price Price effective from Koha item type
    Dewey Decimal Classification     London London Basement 16/03/2006 36.95 14 SHELF 330 30071535 06/08/2019 21/09/2007 3 36.95 06/08/2019 Audio